Kỹ thuật xây dựng : Công tác đất và thi công bê tông toàn khối

Kỹ thuật làm công tác đất trong xây dựng. Xác định khối lượng công tác đất, công tác chuẩn bị và phục vụ cho thi công đất, kỹ thuật thi công đất, công tác nổ mình, công tác cọc và ván cừ, vận chuyển trong xây dựng. Kỹ thuật công tác bê...

Description complète

Enregistré dans:
Détails bibliographiques
Auteur principal: Nguyễn, Đình Thám
Format: Livre
Langue:Undetermined
Publié: Hà Nội Khoa học và Kỹ thuật 1996
Sujets:
Tags: Ajouter un tag
Pas de tags, Soyez le premier à ajouter un tag!
Thư viện lưu trữ: Trung tâm Học liệu Trường Đại học Cần Thơ
LEADER 01222nam a2200205Ia 4500
001 CTU_16789
008 210402s9999 xx 000 0 und d
082 |a 624 
082 |b Th104/T.1 
100 |a Nguyễn, Đình Thám 
245 0 |a Kỹ thuật xây dựng : 
245 0 |b Công tác đất và thi công bê tông toàn khối 
245 0 |c Nguyễn Đình Thám, Lê Kiều, Nguyễn Duy Ngự 
260 |a Hà Nội 
260 |b Khoa học và Kỹ thuật 
260 |c 1996 
520 |a Kỹ thuật làm công tác đất trong xây dựng. Xác định khối lượng công tác đất, công tác chuẩn bị và phục vụ cho thi công đất, kỹ thuật thi công đất, công tác nổ mình, công tác cọc và ván cừ, vận chuyển trong xây dựng. Kỹ thuật công tác bê tông cốt thép. Công tác ván khuôn, cột chống và sân thao tác. Công tác cốt thép, công tác bê tông 
650 |a Building,Engineering 
904 |i Minh, Hải sửa số pl 624/K309 thành 624/Th104 
980 |a Trung tâm Học liệu Trường Đại học Cần Thơ